LA LETTRE Z - Statistiques

Statistiques générales
  • Ce quiz a été pris 38 fois
  • Le résultat moyen est 4 sur 12
Statistiques - réponses
Par images Réponse % Correct
Zidane
100%
zagreb
77%
zambie
73%
zerator
50%
Zelda
40%
Zurich
20%
zamalek
10%
zagato
7%
Zinnia
7%
-Zalayeta
3%
zambrano
3%
Zombie
3%
Aucun quiz correspondant
Distribution des résultats
% des personnes avec chaque résultat
Percentile par nombre de réponses
Votre historique - résultats
Vous n’avez pas pris ce quiz